00369nam a2200145Ia 4500008004100000020001500041041001200056082001600068100001200084245006100096260002500157300000800182650001600190700001700206221030s9999 xx 000 0 und d a0070857881 aEnglish a105.23bTau aH. Taub 0aDigital Integrated Electronicscby H. Taub, D. Schilling bTMHaNew Delhic2001 a650 aBE Computer aD. Schilling